| 000 | 01363nam a22002417a 4500 | ||
|---|---|---|---|
| 005 | 20150821100714.0 | ||
| 008 | 150723s1919 ag ||||fr|||| 001 0 spa d | ||
| 040 |
_cSandra Yazo _dSandra Yazo |
||
| 041 | 0 | _aspa | |
| 082 | 0 | 4 |
_220 _a370 |
| 092 | _aE36N045 | ||
| 100 | 1 |
_aCalderaro, José D. _970291 |
|
| 245 | 1 | 3 |
_aLa ineficiencia de la escuela _cJosé D. Calderaro |
| 260 |
_aBuenos AIres (Argentina) _bLibrería e imprenta de M. A. Rosas _c1919 |
||
| 300 |
_a136 páginas _c19 x 13 cm. |
||
| 500 | _aDetalles fisicos: Encuadernación flexible en cartulina. Tapa delantera con datos de publicación impresos, rota y sucia. Portada impresa en una sola tinta. Texto impreso en una columna. Ejemplar desencuadernado, en regular estado de conservación. | ||
| 505 | 7 | _aCrítica pedagógica: La escuela contra el niño ; Los derechos del niño ; El examen y sus consecuencias ; Evolución de la escuela actual ; La barbarie del estudio ; Orientación de la enseñanza -- Historia educacional: Montaigne frete al atraso de nuestra escuela ; El concepto de hombre ; Oriente ; Gracia ; Roma ; Edad media y renacimiento ; El hombre del porvenir | |
| 506 | _aConsulta en sala | ||
| 650 | 7 |
_921216 _aPedagogía crítica |
|
| 650 | 7 |
_910315 _aCalidad de la educación |
|
| 690 |
_942917 _aTeoría de la educación |
||
| 942 |
_2LOCAL _cLIBRO _e1 _hE36N045 |
||
| 999 |
_c300554 _d300554 |
||